Intelligent Control : a Hybrid Approach Based on Fuzzy Logic, Neural Networks and Genetic Algorithms /

Saved in:
Bibliographic Details
Main Author: Siddique, Nazmul (Author)
Format: Book
Language:English
Published: Cham Springer 2014
Series:Studies in Computational Intelligence 517
Subjects:
Tags: Add Tag
No Tags, Be the first to tag this record!

MARC

LEADER 00000nam a22000003a 4500
001 0091333
003 SK-STU
005 20211104123356.5
007 ta
008 211104s ----xo-----e------000-0-----d
020 |a 978-3-319-34348-8 
022 |a 1860-949X 
040 |a STU  |b slo 
041 0 |a eng 
044 |a sz 
100 1 |a Siddique, Nazmul  |4 aut 
245 1 0 |a Intelligent Control :  |b a Hybrid Approach Based on Fuzzy Logic, Neural Networks and Genetic Algorithms /  |c aut. Nazmul Siddique 
260 |a Cham  |b Springer  |c 2014 
300 |a 282 s. 
490 0 |a Studies in Computational Intelligence  |v 517 
650 0 7 |a fuzzy 
650 0 7 |a inteligentné riadenie 
996 |b 284M088879  |c M* 14526-1  |l MMKN  |s A  |a 24  |w 0091333_0001